=LDR 00000nam 2200000 4500 =001 INLIS000000000021384 =005 20130612120241 =008 ***********************************Ind** =035 ##$$0010-061300000021384 =041 ##$$a Ind =082 ##$$a 510.76 =090 ##$$a 510.76, Pem p =245 ##$$a Pemandu Pelajaran Matematika 3B Untuk Kelas 3 SLTP, Sumadi...[ek ak] =260 ##$$a 1996 $b Solo =300 ##$$a 127 hlm, Ilus, 27 cm =700 ##$$a SUMADI =850 ##$$a NBPNMAT